| 000 | 00573nam a22001937a 4500 | ||
|---|---|---|---|
| 999 |
_c29864 _d29863 |
||
| 003 | OSt | ||
| 005 | 20210607135421.0 | ||
| 008 | 170703b xxu||||| |||| 00| 0 eng d | ||
| 020 | _a9780721673707 | ||
| 040 |
_aMMU _beng _cMMU _dMMU |
||
| 050 | _aRC 670.5 .H45D368 1999 | ||
| 245 |
_aHandbook of Hemodynamic Monitoring/ _cGloria Oblouk Darovic. |
||
| 260 |
_aLondon: _bW. B. Saunders Company, _c1999. |
||
| 300 | _aviii, 392 p.: | ||
| 500 | _aIncludes bibliographical references and index | ||
| 650 | _aHemodynamic | ||
| 700 | _aCory M. Franklin | ||
| 942 |
_2lcc _cLOAN LOAN |
||